000
00354pab a2200157 454500
008
180718b1987 xxu||||| |||| 00| 0 eng d
100
_a
Tripathi, A.P.
245
_a
Financial flows in public sector banks
260
_c
1987
300
_a
17-19,33
362
_a
16 July
650
_a
Banks
700
_a
V.S. Singh
773
_a
Yojana
909
_a
4272
999
_c
4272
_d
4272